Нормален изглед
MARC изглед
- Народно ч-ще "Максим Горки" - Русе
Вход 02. Организация (Колективен автор)
001 - Контролен номер на записа
- Контролно поле: 487220
003 - Код на организацията, даваща контролен номер
- Контролно поле: BLK
005 - Дата и час на последна промяна на записа
- Контролно поле: 20230327161838.0
008 - Данни с фиксирана дължина – обща информация
- Данни с фиксирана дължина : 230327|| aca||aabn | a|a d
110 ## - НАИМЕНОВАНИЕ НА КОЛЕКТИВЕН ОРГАН -ПЪРВИЧНА ИНТЕЛЕКТУАЛНА ОТГОВОРНОСТ
- Название на организация или юридическо име като основно описание: Народно ч-ще "Максим Горки" - Русе
942 ## - Системна служебна употреба
- Koha auth type: CORPO_NAME